Rekod-rekod dunia di Malaysia Vol.2

Bibliographic Details
Main Author: Khan,Ghulam Jie M
Format: Book
Published: Johor : Ainna's publications , 1988

MARC

LEADER 00000cam a2200000 7i4500
001 0000057642
005 20160102.0
008 160102
090 0 0 |a 030   |b KHA 
100 1 |a Khan,Ghulam Jie M 
245 1 0 |a Rekod-rekod dunia di Malaysia   |c Ghulam Jie M Khan .   |n Vol.2 
260 |a Johor :   |b Ainna's publications ,   |c 1988 
999 |a 0000099166   |b Book   |c Adult Collection   |e Cawangan Mersing 
999 |a 0000796499   |b Book   |c Adult Collection   |e Cawangan Segamat 
999 |a 0000798639   |b Book   |c Adult Collection   |e Cawangan Pontian 
999 |a 0000816895   |b Book   |c Adult Collection   |e Cawangan Mersing